[Event "56th ch-RUS"]
[Site "Krasnoyarsk"]
[Date "2003.09.10"]
[Round "7"]
[White "Shipov, Sergei"]
[Black "Sherbakov, Ruslan"]
[Result "1-0"]
[WhiteElo "2589"]
[BlackElo "2555"]
[PlyCount "71"]
[EventDate "2003.09.03"]
[Source "Roberto Alvarez"]
[SourceDate "2003.09.15"]

1. d4 Nf6 2. c4 e6 3. Nc3 Bb4 4. Qc2 c5 5. dxc5 Na6 6. a3 Bxc3+ 7. Qxc3 Nxc5 8. f3 d5 9. cxd5 b6 10. b4 Na4 11. Qc2 b5 12. e4 a6 13. Bd3 Bb7 14. dxe6 fxe6 15. Ne2 Qb6 16. Bf4 O-O 17. Rd1 Rf7 18. Bg3 Rc8 19. Qb3 Bxe4 20. Bxe4 Nxe4 21. fxe4 Rc3 22. Qa2 Rxg3 23. hxg3 Qf2+ 24. Kd2 Rd7+ 25. Kc1 Qe3+ 26. Kb1 Qxe4+ 27. Qc2 Rxd1+ 28. Rxd1 Qxe2 29. Qxe2 Nc3+ 30. Kc2 Nxe2 31. Rd6 Kf7 32. Rxa6 Nxg3 33. Rb6 Ne2 34. Kd2 Nf4 35. Rxb5 Nxg2 36. a4 1-0

[Event "France (ch) 73/610"]
[Site "?"]
[Date "1998.??.??"]
[Round "?"]
[White "Bacrot, Etienne"]
[Black "Degraeve, Jean Marc"]
[Result "1-0"]
[WhiteElo "2555"]
[BlackElo "2580"]
[PlyCount "65"]
[EventDate "1998.??.??"]
[Source "ChessBase"]
[SourceDate "1998.06.01"]

1. d4 Nf6 2. c4 e6 3. Nc3 Bb4 4. Qc2 c5 5. dxc5 Na6 6. a3 Bxc3+ 7. Qxc3 Nxc5 8. f3 d5 9. cxd5 b6 10. b4 Na4 11. Qc2 b5 12. e4 a6 13. Bd3 Bb7 14. Qf2 exd5 15. e5 Qe7 16. Qd4 Nd7 17. f4 f6 18. Nf3 O-O 19. O-O Rae8 20. Re1 fxe5 21. fxe5 Rxf3 22. gxf3 Nxe5 23. Kh1 Bc6 24. Bf4 Nxf3 25. Bxh7+ Kh8 26. Rxe7 Nxd4 27. Rxe8+ Bxe8 28. Bd3 Nb2 29. Be5 Nxd3 30. Bxd4 Bg6 31. Rf1 Kh7 32. h4 Kh6 33. Kg2 1-0

[Event "TCh-GRE"]
[Site "Aghia Pelagia"]
[Date "2004.07.06"]
[Round "3"]
[White "Mchedlishvili, Mikheil"]
[Black "Berkes, Ferenc"]
[Result "1/2-1/2"]
[WhiteElo "2518"]
[BlackElo "2614"]
[PlyCount "55"]
[EventDate "2004.07.04"]
[Source "Roberto Alvarez"]
[SourceDate "2004.07.12"]

1. d4 Nf6 2. c4 e6 3. Nc3 Bb4 4. Qc2 c5 5. dxc5 Qc7 6. Nf3 a6 7. Bg5 Bxc5 8. e3 Be7 9. Be2 d6 10. O-O b6 11. Ne4 Nbd7 12. Rfd1 Bb7 13. Nxf6+ Nxf6 14. Rac1 O-O 15. b3 Rac8 16. Qb2 Rfd8 17. Nd4 Qb8 18. Bf3 Bxf3 19. Nxf3 Qb7 20. Rc2 Rc5 21. Bh4 Rdc8 22. Rdc1 h6 23. Nd4 Qe4 24. Bg3 Nh5 25. b4 R5c7 26. Qb3 Nxg3 27. hxg3 Bf6 28. Nf3 1/2-1/2

[Event "Barcelona"]
[Site "?"]
[Date "1992.??.??"]
[Round "?"]
[White "Dorfman, I."]
[Black "Tal, M."]
[Result "1-0"]
[WhiteElo "2605"]
[BlackElo "2525"]
[PlyCount "49"]
[EventDate "1992.??.??"]
[Source "ChessBase"]
[SourceDate "1992.02.01"]

1. d4 Nf6 2. c4 e6 3. Nc3 Bb4 4. Qc2 c5 5. dxc5 Qc7 6. a3 Bxc5 7. b4 Be7 8. Nb5 Qc6 9. Nf3 d6 10. Nfd4 Qd7 11. Bb2 b6 12. Rd1 Bb7 13. Nf3 d5 14. e4 O-O 15. e5 Nh5 16. cxd5 Bxd5 17. Nc3 Qc7 18. Rxd5 exd5 19. Qf5 Rd8 20. Qxh5 d4 21. Nd1 d3 22. e6 fxe6 23. Qg4 Bf8 24. Qxe6+ Kh8 25. Ne5 1-0

[Event "Ubeda op"]
[Site "Ubeda"]
[Date "1999.01.27"]
[Round "8"]
[White "Grigore, George"]
[Black "Akopian, Vladimir"]
[Result "0-1"]
[WhiteElo "2475"]
[BlackElo "2655"]
[PlyCount "118"]
[EventDate "1999.01.??"]
[Source "ChessBase"]
[SourceDate "1999.03.01"]

1. d4 Nf6 2. c4 e6 3. Nc3 Bb4 4. Qc2 c5 5. dxc5 Qc7 6. a3 Bxc5 7. b4 Be7 8. Nb5 Qc6 9. Nf3 d6 10. Nfd4 Qb6 11. Be3 Qd8 12. Bg5 a6 13. Nc3 Qc7 14. e3 b6 15. Be2 Bb7 16. O-O Nbd7 17. Nf3 Rc8 18. Rac1 O-O 19. Rfd1 Bxf3 20. gxf3 Ne5 21. Rd4 Ng6 22. Qd1 Rfd8 23. f4 Ne8 24. Bxe7 Nxe7 25. Rd2 Nf6 26. Bd3 Qb7 27. Qf1 Qb8 28. Ne4 Nxe4 29. Bxe4 g6 30. Rcd1 Qc7 31. Rd4 Nc6 32. Bxc6 Qxc6 33. Qg2 Qc7 34. Qg5 a5 35. h4 axb4 36. axb4 h5 37. Kh2 Ra8 38. Rg1 Ra2 39. Rg2 Rda8 40. Re4 Qd8 41. Rd4 Rb2 42. Qxd8+ Rxd8 43. c5 bxc5 44. bxc5 d5 45. e4 Rc2 46. f5 exf5 47. exf5 Rc4 48. Rxc4 dxc4 49. fxg6 Rc8 50. f3 Rxc5 51. Kg1 c3 52. gxf7+ Kxf7 53. Rc2 Ke6 54. Kf2 Kd5 55. Ke3 Kc4 56. Rc1 Kb3 57. Kd4 Kb2 58. Rf1 Ra5 59. f4 c2 0-1

[Event "Espoo (zt)"]
[Site "?"]
[Date "1989.??.??"]
[Round "?"]
[White "Petursson, M."]
[Black "Schussler, H."]
[Result "1/2-1/2"]
[WhiteElo "2590"]
[BlackElo "2540"]
[PlyCount "102"]
[EventDate "1989.??.??"]
[Source "ChessBase"]
[SourceDate "1989.07.01"]

1. d4 Nf6 2. c4 e6 3. Nc3 Bb4 4. Qc2 c5 5. dxc5 Bxc5 6. Nf3 Qb6 7. e3 Qc7 8. Bd3 b6 9. Nb5 Qd8 10. Bd2 a6 11. Nbd4 Bb7 12. O-O Be7 13. Bc3 d6 14. Ng5 Qc8 15. f4 h6 16. Ngxe6 fxe6 17. Bg6+ Kf8 18. e4 Qxc4 19. e5 Nc6 20. exf6 Nxd4 21. fxe7+ Kxe7 22. Qf2 Ne2+ 23. Kh1 Nxc3 24. bxc3 Rhf8 25. Qxb6 Qc6 26. Qg1 Rac8 27. Bh5 Qc5 28. Bf3 Qxg1+ 29. Kxg1 d5 30. Rab1 Bc6 31. Be2 Rb8 32. g3 Bb5 33. Bxb5 Rxb5 34. a4 Rxb1 35. Rxb1 Rc8 36. Rb7+ Kf6 37. Rb6 Rxc3 38. Rxa6 g5 39. Ra8 gxf4 40. gxf4 Rc4 41. a5 Kg7 42. a6 Rxf4 43. Re8 Ra4 44. Rxe6 Ra2 45. h4 h5 46. Kf1 d4 47. Ke1 d3 48. Kd1 d2 49. Rb6 Kh7 50. Ke2 Kg7 51. Rc6 Kh7 1/2-1/2